000 00459 a2200145 4500
001 ART_11558
005 20260410161858.0
008 260409a
245 1 0 _aA microeconomic analysis of wage determination in the Canadian public sector
100 1 _aAuld, D.A.L.
700 1 _aChristofides, L.N.
700 1 _aSwidinsky, R.
700 1 _aWilton, D.A.
773 0 _tJournal of public economics
_g- Vol. 13, NÂș 3 (jun. 1980)
_wREV11485
999 _c25639
_d25639